| 000 | 01042nam a2200313 i 4500 | ||
|---|---|---|---|
| 001 | bg | ||
| 003 | BPK | ||
| 005 | 20220524124031.0 | ||
| 008 | 070308s2006 pl a f f |001 0 pol | ||
| 015 | _aPB 5687/2007 | ||
| 020 | _a8372076154 | ||
| 040 | _cBPK | ||
| 041 | _apol | ||
| 080 | _a004.032.26 | ||
| 080 | _a004.85 | ||
| 080 | _a(075.8) | ||
| 100 | 1 |
_aOsowski, Stanisław _d(1948- ) _eAutor |
|
| 245 | 1 | 0 |
_aSieci neuronowe do przetwarzania informacji / _cStanisław Osowski. |
| 250 | _aWyd. 2 popr. i uzup. | ||
| 260 |
_aWarszawa : _bOficyna Wydawnicza Politechniki Warszawskiej, _c2006. |
||
| 300 |
_a422 s. : _bil. ; _c24 cm + _edysk optyczny (CD-ROM). |
||
| 504 | _aBibliogr. s. 407-418. Indeks. | ||
| 655 | 4 | _aPodręczniki akademickie | |
| 650 | 4 | _aSieci neuronowe | |
| 650 | 4 | _aUczenie maszynowe | |
| 710 | 2 |
_aPolitechnika Warszawska. _bOficyna Wydawnicza. _4pbl. |
|
| 856 |
_uhttp://koha.tu.koszalin.pl/cgi-bin/koha/opac-detail.pl?biblionumber=56247 _yKatalog online BPK |
||
| 942 |
_cKS _2UKD |
||
| 999 |
_c56247 _d56247 |
||